| 000 | 00659nas a2200217 4500 | ||
|---|---|---|---|
| 001 | BR9700732 | ||
| 003 | BR-BrBNA | ||
| 005 | 20231205095957.0 | ||
| 007 | ta | ||
| 008 | 230509b bl.|||p| |||| 00| 00por d | ||
| 040 |
_aBR-BrBNA _bpor _cBiblioteca Nacional de Agricultura |
||
| 041 | _a(Pt) | ||
| 072 | _aD50; E11 | ||
| 100 | 1 | _aFachin, L.E. | |
| 245 | 1 | _aO Estatuto da Terra no Brasil: trinta anos ou cinco seculos? | |
| 650 | _aEstatuto da Terra | ||
| 650 | _aReforma Agraria | ||
| 773 | 0 |
_tReforma Agraria (Brazil) _xISSN 0102-1184 _g(Jan-Apr 1995), v. 25(1) p. 127-136 _wBR9700732 |
|
| 909 |
_a202311 _bLúcia _c55 _dLúcia Elande |
||
| 942 |
_2AGRIS _n0 _cANA |
||
| 999 |
_c153773 _d153773 |
||